<?xml version="1.0" encoding="UTF-8"?>
<collection xmlns="http://www.loc.gov/MARC21/slim">
<record>
  <controlfield tag="001">124813</controlfield>
  <controlfield tag="005">20230322092624.0</controlfield>
  <datafield tag="037" ind1=" " ind2=" ">
    <subfield code="a">TAZ-TFG-2022-4763</subfield>
  </datafield>
  <datafield tag="041" ind1=" " ind2=" ">
    <subfield code="a">spa</subfield>
  </datafield>
  <datafield tag="100" ind1="1" ind2=" ">
    <subfield code="a">Martín De Castro, María Eugenia</subfield>
  </datafield>
  <datafield tag="242" ind1="0" ind2="0">
    <subfield code="a">Infectious bronchitis in the rearing of alternative poultry</subfield>
  </datafield>
  <datafield tag="245" ind1="0" ind2="0">
    <subfield code="a">Bronquitis infecciosa durante la recría en avicultura alternativa</subfield>
  </datafield>
  <datafield tag="260" ind1=" " ind2=" ">
    <subfield code="a">Zaragoza</subfield>
    <subfield code="b">Universidad de Zaragoza</subfield>
    <subfield code="c">2022</subfield>
  </datafield>
  <datafield tag="506" ind1=" " ind2=" ">
    <subfield code="a">by-nc-sa</subfield>
    <subfield code="b">Creative Commons</subfield>
    <subfield code="c">3.0</subfield>
    <subfield code="u">http://creativecommons.org/licenses/by-nc-sa/3.0/</subfield>
  </datafield>
  <datafield tag="520" ind1=" " ind2=" ">
    <subfield code="a">La Bronquitis Infecciosa aviar es una enfermedad de distribución mundial causada por un virus de la familia Coronaviridae. Es muy contagioso y es el segundo virus respiratorio en avicultura que produce mayores pérdidas económicas después de la gripe aviar. Se considera una enfermedad endémica, ya que a pesar de que es un virus conocido desde hace décadas y existen numerosas vacunas para prevenirlo, tiene una alta tasa de mutación que conlleva a la creación de nuevas cepas que dificultan su control y erradicación.&lt;br />Este virus produce mayor mortalidad en aves jóvenes que aún no han alcanzado la madurez sexual, y además depende mucho de la inmunidad del lote del que formen parte, las condiciones ambientales en las que viven y el tipo de cepa infectante entre otros. Para conseguir una óptima prevención y control, se debe mantener la bioseguridad en las granjas, el buen manejo y un plan vacunal que incluya las vacunas frente a este virus.&lt;br />En este Trabajo de Fin de Grado se ha analizado un caso clínico de bronquitis infecciosa aviar que apareció durante la realización de las prácticas curriculares, tras la entrega de un lote de aves a la granja de puesta después de haber finalizado el periodo de recría. Se han seguido las prácticas habituales en granja ante la aparición de una patología, tomando muestras, realizando necropsias, valorando resultados laboratoriales para confirmar el diagnóstico y estableciendo el tratamiento correspondiente. &lt;br />&lt;br /></subfield>
  </datafield>
  <datafield tag="521" ind1=" " ind2=" ">
    <subfield code="a">Graduado en Veterinaria</subfield>
  </datafield>
  <datafield tag="540" ind1=" " ind2=" ">
    <subfield code="a">Derechos regulados por licencia Creative Commons</subfield>
  </datafield>
  <datafield tag="700" ind1=" " ind2=" ">
    <subfield code="a">Campo Arribas, María del Mar</subfield>
    <subfield code="e">dir.</subfield>
  </datafield>
  <datafield tag="700" ind1=" " ind2=" ">
    <subfield code="a">Uixera Segura, Alicia</subfield>
    <subfield code="e">dir.</subfield>
  </datafield>
  <datafield tag="710" ind1="2" ind2=" ">
    <subfield code="a">Universidad de Zaragoza</subfield>
    <subfield code="b">Producción Animal y Ciencia de los Alimentos</subfield>
    <subfield code="c">Producción Animal</subfield>
  </datafield>
  <datafield tag="856" ind1="0" ind2=" ">
    <subfield code="f">726792@unizar.es</subfield>
  </datafield>
  <datafield tag="856" ind1="4" ind2=" ">
    <subfield code="s">1043437</subfield>
    <subfield code="u">http://zaguan.unizar.es/record/124813/files/TAZ-TFG-2022-4763.pdf</subfield>
    <subfield code="y">Memoria (spa)</subfield>
  </datafield>
  <datafield tag="909" ind1="C" ind2="O">
    <subfield code="o">oai:zaguan.unizar.es:124813</subfield>
    <subfield code="p">driver</subfield>
    <subfield code="p">trabajos-fin-grado</subfield>
  </datafield>
  <datafield tag="950" ind1=" " ind2=" ">
    <subfield code="a"></subfield>
  </datafield>
  <datafield tag="980" ind1=" " ind2=" ">
    <subfield code="a">TAZ</subfield>
    <subfield code="b">TFG</subfield>
    <subfield code="c">VET</subfield>
  </datafield>
  <datafield tag="999" ind1=" " ind2=" ">
    <subfield code="a">20221202134222.CREATION_DATE</subfield>
  </datafield>
  <datafield tag="951" ind1=" " ind2=" ">
    <subfield code="a">deposita:2023-03-21</subfield>
  </datafield>
</record>
</collection>